000 00403nam a22001697a 4500
005 20160627093620.0
008 160627b xxu||||| |||| 00| 0 eng d
020 _a9814-12-678-0
041 _aeng
082 _b10335
100 _aFutzgerald & Dennis
_92840
245 _aBusiness Data, Communications and Networking
260 _bWiley
300 _a386
650 _aManagement
_9241
942 _cBK
999 _c4108
_d4107